|
|
|
|
| LEADER |
00000nab a2200000 a 4500 |
| 001 |
vtls000176271 |
| 003 |
SK-MaSNL |
| 005 |
20260302201733.0 |
| 008 |
111104c1983 xo 0 slo |
| 015 |
|
|
|a SNBRB19rr/mm-uuuuu
|
| 035 |
|
|
|a CL0186384
|
| 040 |
|
|
|a SNKBUCL
|b slo
|c SNKBUCL
|e AACR2
|
| 041 |
0 |
|
|a slo
|
| 044 |
|
|
|a xo
|c SK
|
| 080 |
|
|
|a 636.084.7:331.876.6
|2 1981
|
| 080 |
|
|
|a 331.876.6
|2 1981
|
| 100 |
1 |
|
|a (bk)
|4 aut
|9 882058
|
| 245 |
1 |
0 |
|a Úprava kŕmneho vozu Supra C na prerušované kŕmenie mokrou kŕmnou zmesou
|b Rozširovaný zlepšovací návh č. 66/83
|c (Bk)
|
| 650 |
0 |
7 |
|a vozy kŕmne
|2 snkbucl
|9 917783
|
| 655 |
|
7 |
|a články z novín a časopisov
|2 snkbucl
|9 267496
|
| 773 |
0 |
|
|t Informácie MPVž SSR
|g Roč. 11, č. 24 (1983), s. 30
|
| 850 |
|
|
|a Slovenská národná knižnica v Martine
|a MTA001
|
| 852 |
|
|
|a SNK
|b KIS3GCP
|
| 958 |
|
|
|a RK
|
| 992 |
|
|
|a RBX
|
| 999 |
|
|
|c 1462011
|d 1463941
|